LEADER 01336nam1 2200433 450 001 990005917580203316 005 20131219102710.0 010 $a978-88-8104-956-1 035 $a000591758 035 $aUSA01000591758 035 $a(ALEPH)000591758USA01 035 $a000591758 100 $a20131219d2012----km-y0itay50------ba 101 $aita 102 $aIT 105 $a||||||||001yy 200 1 $aFilosofia$esapere di non sapere$fArmando Massarenti, Emiliano Di Marco$gcon la collaborazione di Maria Amelia Mannella 210 $aMessina$cD'Anna$d2012$aFirenze 215 $avolumi$d27 cm 410 0$12001 454 1$12001 461 1$1001-------$12001 463 \1$1001990005917590203316$12001 $a<<2.:>> Dal Rinascimento all'idealismo hegeliano 606 0 $aFilosofia$xStoria$2BNCF 676 $a190.9 700 1$aMASSARENTI,$bArmando$0123998 701 1$aDI MARCO,$bEmiliano$0618311 702 1$aMANNELLA,$bMaria Amelia 801 0$aIT$bsalbc$gISBD 912 $a990005917580203316 951 $axx$bL.M:$cxx 959 $aBK 969 $aUMA 979 $aFIORELLA$b90$c20131219$lUSA01$h1023 979 $aFIORELLA$b90$c20131219$lUSA01$h1024 979 $aFIORELLA$b90$c20131219$lUSA01$h1024 979 $aFIORELLA$b90$c20131219$lUSA01$h1027 996 $aFilosofia$91073876 997 $aUNISA LEADER 00830nam0-22003011i-450- 001 990000860570403321 005 20050607135951.0 010 $a0-19-859665-0 035 $a000086057 035 $aFED01000086057 035 $a(Aleph)000086057FED01 035 $a000086057 100 $a20020821d1990----km-y0itay50------ba 101 0 $aeng 105 $ay-------001yy 200 1 $aMatrices$emethods and applications$fS. Barnett 210 $aOxford$cClarendon Press$d1990 215 $aXVI, 450 p.$d22 cm 225 1 $aOxford applied mathematics and computing science series 676 $a512.9 700 1$aBarnett,$bStephen$013710 801 0$aIT$bUNINA$gRICA$2UNIMARC 901 $aBK 912 $a990000860570403321 952 $a02 16 E 1$b5903$fFINBN 959 $aFINBN 996 $aMatrices$9344861 997 $aUNINA